[Event "26th Bosna it"]
[Site "Sarajevo YUG"]
[Date "1987.03.25"]
[Round "3"]
[White "Dizdarevic, Emir"]
[Black "Cvitan, Ognjen"]
[Result "1/2-1/2"]
[WhiteElo "2490"]
[BlackElo "2500"]
[EventDate "1987.03.23"]
[PlyCount "38"]
[Source "Perpetual Check"]

1.d4 d5 2.c4 e6 3.Nf3 Nf6 4.Nc3 Be7 5.Bg5 h6 6.Bxf6 Bxf6 7.e3 O-O 8.Rc1 c6
9.Bd3 Nd7 10.O-O dxc4 11.Bxc4 e5 12.Ne4 exd4 13.Nxf6+ Nxf6 14.Qxd4 Qe7 15.
Qe5 Re8 16.Qxe7 Rxe7 17.Rfd1 Be6 18.Bxe6 Rxe6 19.Nd4 Re5 1/2-1/2

[Event "26th Bosna it"]
[Site "Sarajevo YUG"]
[Date "1987.03.26"]
[Round "4"]
[White "Drasko, Milan"]
[Black "Popovic, Petar"]
[Result "1/2-1/2"]
[WhiteElo "2465"]
[BlackElo "2540"]
[EventDate "1987.03.23"]
[PlyCount "40"]
[Source "Perpetual Check"]

1.Nf3 Nf6 2.c4 e6 3.Nc3 Bb4 4.Qc2 O-O 5.a3 Bxc3 6.Qxc3 b6 7.b4 Bb7 8.Bb2 
d6 9.e3 Nbd7 10.Be2 Qe7 11.O-O c5 12.d3 Rfc8 13.b5 a5 14.Nd2 d5 15.f4 Re8 
16.Nf3 dxc4 17.Qxc4 Nd5 18.Qc1 a4 19.e4 Nc7 20.Qc4 Ra7 1/2-1/2

[Event "26th Bosna it"]
[Site "Sarajevo YUG"]
[Date "1987.03.26"]
[Round "4"]
[White "Vaganian, Rafael"]
[Black "Polugaevsky, Lev"]
[Result "1/2-1/2"]
[WhiteElo "2590"]
[BlackElo "2585"]
[EventDate "1987.03.23"]
[PlyCount "28"]
[Source "Perpetual Check"]

1.d4 Nf6 2.c4 e6 3.Nf3 b6 4.g3 Ba6 5.b3 Bb4+ 6.Bd2 Be7 7.Nc3 O-O 8.e4 d5 
9.cxd5 Bxf1 10.Kxf1 exd5 11.e5 Ne4 12.Kg2 Qd7 13.Re1 Nxc3 14.Bxc3 c5 
1/2-1/2

[Event "26th Bosna it"]
[Site "Sarajevo YUG"]
[Date "1987.03.27"]
[Round "5"]
[White "Sokolov, Ivan"]
[Black "Vaganian, Rafael"]
[Result "0-1"]
[WhiteElo "2425"]
[BlackElo "2590"]
[EventDate "1987.03.23"]
[PlyCount "108"]
[Source "Perpetual Check"]

1.d4 Nf6 2.c4 e6 3.Nc3 d5 4.cxd5 exd5 5.Bg5 Nbd7 6.e3 c6 7.Bd3 Be7 8.Nge2 
O-O 9.Qc2 Re8 10.O-O Nf8 11.Rae1 Ng6 12.Ng3 Bd7 13.f3 Rc8 14.Nf5 Bxf5 15.
Bxf5 Rc7 16.Kh1 a6 17.e4 dxe4 18.fxe4 Qxd4 19.Be3 Qd8 20.Rd1 Qb8 21.Bxg6 
hxg6 22.Bf4 Bd8 23.Bd6 Qc8 24.Bxc7 Bxc7 25.Rf3 Re5 26.Qd3 Qe6 27.Re1 Ng4 
28.h3 Nf6 29.Rfe3 g5 30.Ne2 Nxe4 31.Kg1 f5 32.Nd4 Qd5 33.Nf3 Re6 34.Qxd5 
cxd5 35.Nxg5 Rc6 36.Nxe4 fxe4 37.Kh1 Bb6 38.R3e2 Kf7 39.g4 Ke6 40.Kg2 Ke5 
41.a3 Rf6 42.Rf1 d4 43.Rxf6 gxf6 44.Rf2 d3 45.Rf5+ Ke6 46.Kf1 Bd4 47.Rf4 
Kd5 48.Rf5+ Kc4 49.g5 fxg5 50.Rxg5 Bxb2 51.Rg8 e3 52.Rc8+ Kb3 53.Re8 e2+ 
54.Ke1 Bc3+ 0-1

[Event "26th Bosna it"]
[Site "Sarajevo YUG"]
[Date "1987.03.27"]
[Round "5"]
[White "Popovic, Petar"]
[Black "Dizdar, Goran"]
[Result "1/2-1/2"]
[WhiteElo "2540"]
[BlackElo "2505"]
[EventDate "1987.03.23"]
[PlyCount "111"]
[Source "Perpetual Check"]

1.e4 e6 2.d4 d5 3.Nd2 c5 4.Ngf3 a6 5.dxc5 Bxc5 6.Bd3 Nc6 7.O-O Nf6 8.exd5 
exd5 9.Nb3 Be7 10.h3 O-O 11.c3 Ne4 12.Nbd4 Bf6 13.Be3 Re8 14.Qc2 Bd7 15.
Rfd1 Qc7 16.Qb3 Nxd4 17.Nxd4 Rad8 18.Nf3 b5 19.Bf1 Bc6 20.Bd4 Re6 21.Qc2 
Rde8 22.Be3 R6e7 23.Nd4 Bd7 24.Ne2 b4 25.Rxd5 Bb5 26.Rc1 bxc3 27.Nxc3 Nxc3
28.bxc3 Bxf1 29.Rxf1 Qxc3 30.Qxc3 Bxc3 31.Rc1 Bb4 32.Rc4 a5 33.Rd3 Rb7 34.
a3 Bf8 35.g3 f6 36.Kg2 Kf7 37.Bd2 Re5 38.Ra4 Rbb5 39.Rd7+ Re7 40.Rxe7+ 
Bxe7 41.Bxa5 Rb3 42.Bb4 Bxb4 43.axb4 Kg6 44.g4 h5 45.gxh5+ Kh6 46.Ra8 Rxb4
47.Rh8+ Kg5 48.Rh7 g6 49.h4+ Rxh4 50.hxg6 Rg4+ 51.Kf3 Kxg6 52.Kxg4 Kxh7 
53.Kf5 Kg7 54.f3 Kf7 55.f4 Ke7 56.Kg6 1/2-1/2

[Event "26th Bosna it"]
[Site "Sarajevo YUG"]
[Date "1987.03.29"]
[Round "6"]
[White "Drasko, Milan"]
[Black "Dizdar, Goran"]
[Result "1/2-1/2"]
[WhiteElo "2465"]
[BlackElo "2505"]
[EventDate "1987.03.23"]
[PlyCount "32"]
[Source "Perpetual Check"]

1.d4 Nf6 2.c4 e6 3.Nf3 d5 4.Nc3 Bb4 5.cxd5 exd5 6.Bg5 h6 7.Bxf6 Qxf6 8.e3 
O-O 9.Be2 c6 10.O-O Qe7 11.Qc2 Nd7 12.Na4 Bd6 13.Rac1 Nf6 14.Nc5 a5 15.
Rfe1 b6 16.Na4 Rb8 1/2-1/2

[Event "26th Bosna it"]
[Site "Sarajevo YUG"]
[Date "1987.03.29"]
[Round "6"]
[White "Cvitan, Ognjen"]
[Black "Sokolov, Ivan"]
[Result "1/2-1/2"]
[WhiteElo "2500"]
[BlackElo "2425"]
[EventDate "1987.03.23"]
[PlyCount "38"]
[Source "Perpetual Check"]

1.d4 Nf6 2.c4 g6 3.Nf3 Bg7 4.g3 O-O 5.Bg2 d5 6.cxd5 Nxd5 7.O-O Nb6 8.Nc3 
Nc6 9.e3 Be6 10.Nd2 a5 11.Re1 Re8 12.Nde4 Qc8 13.Nc5 Bg4 14.f3 Bh3 15.Bxh3
Qxh3 16.Nxb7 Rab8 17.Nc5 Rbd8 18.Nb7 Rb8 19.Nc5 Rbd8 1/2-1/2

[Event "26th Bosna it"]
[Site "Sarajevo YUG"]
[Date "1987.03.29"]
[Round "6"]
[White "Kurajica, Bojan"]
[Black "Dizdarevic, Emir"]
[Result "1/2-1/2"]
[WhiteElo "2495"]
[BlackElo "2490"]
[EventDate "1987.03.23"]
[PlyCount "120"]
[Source "Perpetual Check"]

1.d4 Nf6 2.Nf3 e6 3.g3 c5 4.Bg2 cxd4 5.Nxd4 a6 6.c4 Be7 7.O-O O-O 8.b3 Qc7
9.Bb2 Nc6 10.Nc3 d6 11.Rc1 Ne5 12.e3 Bd7 13.f4 Ng6 14.h3 Rac8 15.Qf3 Rb8 
16.Qf2 Qa5 17.a3 Qb6 18.b4 Rbc8 19.Nb1 a5 20.bxa5 Qxa5 21.Bxb7 Rc7 22.Bg2 
Rb8 23.Bc3 Qa6 24.Bb4 Rxc4 25.Qe2 d5 26.Nd2 Rc6 27.Rxc6 Qxe2 28.Nxe2 Bxc6 
29.Nd4 Ba4 30.Rb1 Rc8 31.Bf1 Kf8 32.Ba6 Ra8 33.Bd3 Nd7 34.Kf2 Ke8 35.N2b3 
Bxb4 36.axb4 Bxb3 37.Rxb3 Ne7 38.Rb2 Kd8 39.e4 Nb6 40.e5 g6 41.g4 Ra3 42.
Ke2 Nc4 43.Rc2 Kd7 44.h4 Nc8 45.Nb5 Rb3 46.Bxc4 dxc4 47.Rxc4 Ne7 48.Nd6 
Nd5 49.Nxf7 Nxb4 50.Ng5 h5 51.f5 exf5 52.gxf5 gxf5 53.Rd4+ Ke8 54.Rd6 f4 
55.e6 Nc2 56.Rd7 Re3+ 57.Kd2 Ne1 58.Rh7 Nf3+ 59.Nxf3 Rxf3 60.Rxh5 Ke7 
1/2-1/2

[Event "26th Bosna it"]
[Site "Sarajevo YUG"]
[Date "1987.03.30"]
[Round "7"]
[White "Popovic, Petar"]
[Black "Cvitan, Ognjen"]
[Result "1/2-1/2"]
[WhiteElo "2540"]
[BlackElo "2500"]
[EventDate "1987.03.23"]
[PlyCount "34"]
[Source "Perpetual Check"]

1.e4 c5 2.Nf3 e6 3.d4 cxd4 4.Nxd4 a6 5.Bd3 Qb6 6.Nf3 d6 7.O-O Nf6 8.c4 Be7
9.Nc3 Nbd7 10.Qe2 Qc7 11.Bf4 Ne5 12.Rac1 Nfd7 13.b4 b6 14.c5 bxc5 15.Bxe5 
dxe5 16.Na4 O-O 17.Rc2 Qa7 1/2-1/2

[Event "26th Bosna it"]
[Site "Sarajevo YUG"]
[Date "1987.04.02"]
[Round "10"]
[White "Drasko, Milan"]
[Black "Cvitan, Ognjen"]
[Result "1/2-1/2"]
[WhiteElo "2465"]
[BlackElo "2500"]
[EventDate "1987.03.23"]
[PlyCount "24"]
[Source "Perpetual Check"]

1.d4 Nf6 2.c4 g6 3.Nf3 Bg7 4.g3 O-O 5.Bg2 d6 6.O-O c6 7.h3 Nbd7 8.Nc3 e5 
9.e4 Qa5 10.Re1 exd4 11.Nxd4 Ne5 12.Bf1 Re8 1/2-1/2

[Event "26th Bosna it"]
[Site "Sarajevo YUG"]
[Date "1987.04.04"]
[Round "11"]
[White "Popovic, Petar"]
[Black "Dizdarevic, Emir"]
[Result "1-0"]
[WhiteElo "2540"]
[BlackElo "2490"]
[EventDate "1987.03.23"]
[PlyCount "41"]
[Source "Perpetual Check"]

1.e4 e5 2.Nf3 Nc6 3.Bb5 Nf6 4.O-O Nxe4 5.d4 Nd6 6.Bxc6 dxc6 7.dxe5 Nf5 8.
Qxd8+ Kxd8 9.Nc3 h6 10.Ne2 g5 11.Rd1+ Ke8 12.b3 g4 13.Nd2 Bg7 14.Bb2 h5 
15.Ne4 Ne7 16.Nf6+ Bxf6 17.exf6 Ng6 18.Rd2 c5 19.Nc3 Bf5 20.Nd5 Kf8 21.
Rad1 1-0